[Event "32nd Open"]
[Site "Mar del Plata ARG"]
[Date "2001.04.11"]
[Round "5"]
[White "Felgaer,R"]
[Black "Palermo,V"]
[Result "1/2-1/2"]
[WhiteElo "2481"]
[BlackElo "2247"]

1.e4 c5 2.Nf3 Nc6 3.Nc3 e6 4.d4 cxd4 5.Nxd4 Nf6 6.g3 Bb4 7.Bg2 d5 8.exd5 exd5
9.O-O O-O 10.Bg5 Bxc3 11.bxc3 h6 12.Bf4 a6 13.Re1 Bg4 14.Nxc6 bxc6 15.Qd4 Bf5
16.Re2 Re8 17.Rxe8+ Nxe8 18.c4 Rc8 19.c3 dxc4 20.Qxc4 Qd3 21.Qxd3 Bxd3 22.Rd1 Bc4
23.Bh3 Ra8 24.Bg2 Rc8 25.a3 Nf6 26.Rd4 Bd5 27.Bf1 Re8 28.Be3 Rb8 29.Rb4 Ra8
30.Be2 a5 31.Rb7 Ne4 32.c4 Nd6 33.cxd5 Nxb7 34.dxc6 Nd6 35.Bc5  1/2-1/2

[Event "Open"]
[Site "Metz FRA"]
[Date "2001.04.12"]
[Round "6"]
[White "Sokolov,And"]
[Black "Delchev,A"]
[Result "1/2-1/2"]
[WhiteElo "2568"]
[BlackElo "2584"]

1.e4 c5 2.Nf3 e6 3.d4 cxd4 4.Nxd4 Nc6 5.Nc3 Qc7 6.Be2 a6 7.O-O b5 8.Nxc6 dxc6
9.a4 Rb8 10.e5 Ne7 11.Bf4 f5 12.exf6 Qxf4 13.fxe7 Bxe7 14.g3 Qf6 15.Ne4 Qe5
16.Bd3 O-O 17.c3 c5 18.Re1 c4 19.Bf1 Bb7 20.Bg2 Qf5 21.Qe2 Bd5 22.axb5 axb5
23.h4 Qg6 24.Qe3 b4 25.Re2 bxc3 26.bxc3 Bd8 27.Ra6 Rb1+ 28.Kh2 Qh5 29.Nd2 Rb2
30.Bxd5 exd5 31.Re6 Bb6 32.Rxb6 Rxb6 33.Kg2 Rh6 34.f4 d4 35.cxd4 c3 36.Nf3 Rc8
37.Rc2 Qa5 38.Ne5 Rb6 39.Kh3 Rb7 40.Qe4 Qb5 41.d5 Re7 42.d6 Ra7 43.Qf5 Re8
44.d7 Rxd7 45.Qxd7 Rxe5 46.Qxb5 Rxb5  1/2-1/2

[Event "39th Doeberl Cup"]
[Site "Canberra AUS"]
[Date "2001.04.14"]
[Round "3"]
[White "Johansen,D"]
[Black "Zhao Zong Yuan"]
[Result "1-0"]
[WhiteElo "2513"]
[BlackElo "2390"]

1.e4 c5 2.Nf3 e6 3.d4 cxd4 4.Nxd4 Nc6 5.Nc3 Qc7 6.Be2 a6 7.O-O Nf6 8.Be3 Bb4
9.Nxc6 bxc6 10.Na4 O-O 11.Nb6 Rb8 12.Nxc8 Rfxc8 13.Bxa6 Rd8 14.Bd3 Bd6 15.Kh1 Be5
16.c3 Rxb2 17.Qc1 Ng4 18.f4 Nxe3 19.Qxb2 Bxf4 20.Qf2 Nxf1 21.Rxf1 g5 22.g3 Qd6
23.Be2 Be5 24.Qxf7+ Kh8 25.Rd1 Qf8 26.Qxf8+ Rxf8 27.Rxd7 Bxc3 28.Bg4 Rf1+
29.Kg2 Rb1 30.Bxe6 Rb2+ 31.Kf3 Rxh2 32.Kg4 h6 33.Rc7 Bd4 34.a4 Rf2 35.Bf5 Kg8
36.Rxc6 Rh2 37.a5 Kg7 38.Bg6 Ra2 39.a6 Ra1 40.Bh5 Ra5 41.Rg6+ Kh7 42.Re6 Kg7
43.Rg6+ Kh7 44.Rd6 Bf2 45.Kf3 Bg1 46.Bg6+ Kg7 47.Bf5 h5 48.Rg6+ Kf7 49.Rxg5 Rxa6
50.Rxh5 Ra3+ 51.Kg2 Bd4 52.Rh7+ Kf6 53.Rh6+ Kg7 54.Re6 Re3 55.Kh3 Bc3 56.Kg4 Be1
57.Rg6+ Kf7 58.Kf4 Bd2 59.Ke5 Ra3 60.Kd5 Ra5+ 61.Kc4 Ra4+  1-0

[Event "39th Doeberl Cup"]
[Site "Canberra AUS"]
[Date "2001.04.14"]
[Round "4"]
[White "Rujevic,M"]
[Black "Johansen,D"]
[Result "0-1"]
[WhiteElo "2332"]
[BlackElo "2513"]

1.e4 c5 2.Nc3 Nc6 3.Nf3 e6 4.d4 cxd4 5.Nxd4 Qc7 6.Be3 a6 7.Be2 Nf6 8.O-O Bb4
9.Bd3 Ne5 10.Nce2 d5 11.exd5 Nxd5 12.Bd2 Nxd3 13.cxd3 Bd6 14.Kh1 O-O 15.Nc3 Qb6
16.Nb3 Nb4 17.Be3 Qd8 18.a3 Nc6 19.Ne4 Bc7 20.d4 Ne7 21.f3 Bd7 22.Bg5 Bc6
23.Nbc5 Bd5 24.Qd3 f6 25.Be3 Nf5 26.Bf2 Re8 27.Rfe1 a5 28.Rac1 b6 29.Na4 Qd7
30.Nac3 Bf4 31.Rcd1 Bb3 32.Ne2 Bxd1 33.Nxf4 Ba4 34.d5 Bb5 35.Qb3 a4 36.dxe6 axb3
37.exd7 Bxd7 38.Nd5 Rac8 39.g4 Nd6 40.Nxd6 Rxe1+ 41.Bxe1 Rc1 42.Nxb6 Rxe1+
43.Kg2 Re2+ 44.Kg3 Rxb2 45.Ndc4 Rc2 46.a4 Bxa4  0-1

[Event "FSGM April"]
[Site "Budapest HUN"]
[Date "2001.04.15"]
[Round "9"]
[White "Cao,S"]
[Black "Fogarasi,T"]
[Result "1/2-1/2"]
[WhiteElo "2488"]
[BlackElo "2446"]

1.e4 c5 2.Nf3 e6 3.d4 cxd4 4.Nxd4 Nc6 5.Nc3 Qc7 6.g3 a6 7.Bg2 Nf6 8.O-O Be7
9.Re1 d6 10.a4 O-O 11.Nb3 b6 12.Be3 Bb7 13.f4 Rac8 14.Bf2 Rfe8 15.Qe2 Nd7
16.Rad1 Nc5 17.Nd4 Nxd4 18.Bxd4 e5 19.fxe5 dxe5 20.Be3 Rcd8 21.Qc4 a5 22.Nd5 Bxd5
23.exd5 Bd6 24.Kh1 Qd7 25.b3 Rc8 26.Qh4 Qd8 27.Qg4 g6 28.Rf1 Qd7 29.Qh4 f5
30.Rd2 Rf8 31.Rdf2 Rce8 32.Qc4 Kg7 33.Qc3 Kg8 34.Qc4 Kg7 35.Qc3 Kg8 36.Qc4  1/2-1/2

[Event "Foxwoods Open"]
[Site "Connecticut USA"]
[Date "2001.04.15"]
[Round "7"]
[White "Anderson,R"]
[Black "Hulse,B"]
[Result "1-0"]
[WhiteElo "2247"]
[BlackElo "2254"]

1.e4 c5 2.Nf3 e6 3.Nc3 Nc6 4.d4 cxd4 5.Nxd4 d6 6.Be3 Nf6 7.Bc4 Be7 8.Qe2 O-O
9.O-O-O Bd7 10.f4 Nxe4 11.Nxe4 d5 12.Nxc6 bxc6 13.Nc5  1-0

[Event "zt3.3"]
[Site "HeiBei CHN"]
[Date "2001.04.16"]
[Round "1"]
[White "Yu Shaoteng"]
[Black "Liang Jinrong"]
[Result "1/2-1/2"]
[WhiteElo "2502"]
[BlackElo "2490"]

1.e4 c5 2.Nf3 e6 3.d4 cxd4 4.Nxd4 Nc6 5.Nc3 a6 6.Be2 Qc7 7.O-O Nf6 8.Kh1 Nxd4
9.Qxd4 Bc5 10.Qd3 b5 11.f4 Bb7 12.Bf3 O-O 13.e5 Ne8 14.Bxb7 Qxb7 15.f5 f6
16.Bf4 Qc6 17.Rad1 fxe5 18.Bxe5 Nf6 19.Bxf6 Rxf6 20.Ne4 Rxf5 21.Rxf5 exf5
22.Nxc5 Qxc5 23.Qxd7 Qe5 24.h3 f4 25.Qd5+  1/2-1/2

[Event "FSGM April"]
[Site "Budapest HUN"]
[Date "2001.04.17"]
[Round "11"]
[White "Barczay,L"]
[Black "Fogarasi,T"]
[Result "1/2-1/2"]
[WhiteElo "2391"]
[BlackElo "2446"]

1.e4 c5 2.Nf3 e6 3.d4 cxd4 4.Nxd4 Nc6 5.Nc3 Qc7 6.g3 a6 7.Bg2 Nf6 8.O-O d6
9.Re1 Rb8 10.a4 Be7 11.Nb3 b6 12.f4 O-O 13.Qe2 Bb7 14.Bd2 Rfe8 15.Nd1 Na5
16.Nxa5 bxa5 17.Nf2 Qxc2 18.Bxa5 Qxe2 19.Rxe2 Rec8 20.e5 dxe5 21.fxe5 Nd7
22.Nd3 Nc5 23.Bxb7 Nxb7 24.Bb6 Nc5 25.Bxc5 Bxc5+ 26.Nxc5 Rxc5 27.Rd1  1/2-1/2

[Event "GMB"]
[Site "Dos Hermanas ESP"]
[Date "2001.04.19"]
[Round "1"]
[White "Teran Alvarez,I"]
[Black "Spraggett,K"]
[Result "0-1"]
[WhiteElo "2382"]
[BlackElo "2526"]

1.e4 c5 2.Nf3 e6 3.d4 cxd4 4.Nxd4 Nc6 5.Nc3 Qc7 6.Be3 a6 7.Bd3 Nf6 8.O-O h5
9.h3 b5 10.Nxc6 Qxc6 11.a3 Bb7 12.Qe2 Rc8 13.f4 Bc5 14.Kh1 h4 15.Bxc5 Qxc5
16.Qf2 d6 17.Rae1 Qxf2 18.Rxf2 Ke7 19.Kh2 Nd7 20.Ne2 e5 21.Ref1 f6 22.g4 hxg3+
23.Nxg3 g6 24.Ne2 Rh6 25.Rg1 Nc5 26.Nc3 Ne6 27.Ne2 Rch8 28.Rg3 Bc8 29.a4 exf4
30.Nxf4 Nxf4 31.Rxf4 Bxh3  0-1

[Event "zt3.3"]
[Site "HeiBei CHN"]
[Date "2001.04.19"]
[Round "4"]
[White "Wang Zili"]
[Black "Liang Jinrong"]
[Result "1/2-1/2"]
[WhiteElo "2580"]
[BlackElo "2490"]

1.e4 c5 2.Nf3 e6 3.d4 cxd4 4.Nxd4 Nc6 5.Nc3 Qc7 6.Be2 a6 7.O-O Nf6 8.Kh1 Nxd4
9.Qxd4 Bc5 10.Qd3 b5 11.Bg5 Bb7 12.f4 b4 13.e5 Nd5 14.Nxd5 Bxd5 15.Bf3 Bxf3
16.Rxf3 d5 17.Re1 Be7 18.Bxe7 Qxe7 19.f5 exf5 20.Qxd5 O-O 21.Rxf5 Rad8 22.Qe4 Rd2
23.Ref1 Qe6 24.h3 h6 25.R1f3 a5 26.Rg3 Re8 27.Qg4 g6 28.Rgf3 Re7 29.Rxf7 Qxg4
30.Rf8+ Kg7 31.hxg4 Rxc2 32.Ra8 Rc5 33.e6 Re5 34.a3 bxa3 35.Rxa3 R7xe6 36.Ra7+ Kf6
37.R7xa5  1/2-1/2

[Event "4th Open"]
[Site "Tanta City EGY"]
[Date "2001.04.19"]
[Round "2"]
[White "Abdel Aziem,R"]
[Black "Stefansson,H"]
[Result "0-1"]
[WhiteElo "2269"]
[BlackElo "2570"]

1.e4 c5 2.Nf3 Nc6 3.d4 cxd4 4.Nxd4 e6 5.Nc3 Qc7 6.Be2 a6 7.a4 Nf6 8.Be3 Bb4
9.f3 d5 10.Nxc6 bxc6 11.O-O O-O 12.Qe1 dxe4 13.fxe4 Nxe4 14.Bd3 Nxc3 15.bxc3 Bd6
16.Qh4 f5 17.Rae1 e5 18.g4 e4 19.Bc4+ Kh8 20.g5 Qe7 21.Qh5 Bc5 22.Rf4 Bxe3+
23.Rxe3 g6 24.Qh6 Be6 25.Bxe6 Qxe6 26.h4 Qd6 27.Rf2 Rae8 28.Rfe2 f4 29.Rxe4 Rxe4
30.Rxe4 f3 31.Kf1 f2 32.Rd4 Qe7 33.Re4 Qa3  0-1

[Event "TSIM"]
[Site "Belgrade YUG"]
[Date "2001.04.20"]
[Round "10"]
[White "Andrijevic,M"]
[Black "Vasovski,N"]
[Result "1/2-1/2"]
[WhiteElo "2365"]
[BlackElo "2359"]

1.e4 c5 2.Nf3 e6 3.d4 cxd4 4.Nxd4 Nc6 5.Nc3 Qc7 6.Be2 a6 7.O-O Nf6 8.Kh1 Nxd4
9.Qxd4 Bc5 10.Qd3 b5 11.f4 Bb7 12.Bf3 O-O 13.e5 Ne8 14.Bxb7 Qxb7 15.Ne4 Be7
16.f5 f6 17.fxe6 dxe6 18.exf6 Nxf6 19.Ng5 Ne4 20.Nf3 Bf6 21.c3 Rfd8 22.Qe2 Qd5
23.Be3 Qh5 24.Kg1 Nd6 25.Rad1 Nc4 26.Bc1 Ne5 27.Rde1 Nxf3+ 28.Rxf3 Re8 29.Rd1 Qc5+
30.Be3 Qc6 31.Qf2 Rad8 32.Rf1 Qe4 33.Rf4 Qg6 34.Bb6 Rd5 35.Rf3 h5 36.Qe2 Re5
37.Qd3 Qxd3 38.Rxd3 Re2 39.Rf2 Re1+ 40.Rf1 Re2  1/2-1/2

[Event "ch-City"]
[Site "St Petersburg RUS"]
[Date "2001.04.20"]
[Round "10"]
[White "Kashtanov,R"]
[Black "Alekseev,E"]
[Result "0-1"]
[WhiteElo "2412"]
[BlackElo "2510"]

1.e4 c5 2.Nf3 e6 3.d4 cxd4 4.Nxd4 Nc6 5.Nc3 Qc7 6.g3 a6 7.Bg2 d6 8.O-O Bd7
9.Nce2 Nf6 10.b3 b5 11.Bb2 Nxd4 12.Nxd4 Rc8 13.Rc1 Qb6 14.g4 h6 15.h4 Be7
16.Re1 O-O 17.Re3 Nh7 18.Rh3 Bf6 19.Rh1 Rfe8 20.g5 hxg5 21.hxg5 Nxg5 22.Qh5 Kf8
23.c3 e5 24.Nf5 Bxf5 25.exf5 e4 26.Re1 e3 27.Kf1 Rc5 28.Qh8+ Ke7 29.Rxe3+ Re5
30.Rxe5+ dxe5 31.Qh5 Qd6 32.Qe2 Rd8 33.Ke1 e4 34.Bxe4 Kd7 35.f3 Kc7 36.Kf2 Qf4
37.Bc1 Qd6 38.Bxg5 Bxg5 39.a4 Qc5+ 40.Kg2 Rd2  0-1

[Event "TSIM"]
[Site "Belgrade YUG"]
[Date "2001.04.21"]
[Round "1"]
[White "Andrijevic,M"]
[Black "Boskovic,D"]
[Result "1-0"]
[WhiteElo "2365"]
[BlackElo "2341"]

1.e4 c5 2.Nf3 e6 3.d4 cxd4 4.Nxd4 Nc6 5.Nc3 Qc7 6.Be2 a6 7.O-O Nf6 8.Kh1 Be7
9.f4 d6 10.Be3 O-O 11.Qe1 Nxd4 12.Bxd4 b5 13.a3 Bb7 14.Qg3 Bc6 15.Rae1 Qb7
16.Bf3 g6 17.e5 Nd7 18.exd6 Bxd6 19.Ne4 Be7 20.c3 Rad8 21.Qh3 Bxe4 22.Bxe4 Qc7
23.f5 exf5 24.Rxf5 Bc5 25.Qxh7+  1-0

[Event "5th GM"]
[Site "Rijeka HUN"]
[Date "2001.04.21"]
[Round "4"]
[White "Inkiov,V"]
[Black "Bistric,F"]
[Result "1/2-1/2"]
[WhiteElo "2482"]
[BlackElo "2454"]

1.e4 c5 2.Nf3 e6 3.d4 cxd4 4.Nxd4 Nc6 5.Nc3 Qc7 6.g3 d6 7.Bg2 Be7 8.O-O a6
9.Re1 Rb8 10.Nxc6 bxc6 11.e5 d5 12.Qg4 g6 13.Qe2 h5 14.Na4 c5 15.c4 d4 16.b3 Nh6
17.Nb2 Nf5 18.Nd3 h4 19.Bd2 hxg3 20.hxg3 Kf8 21.Be4 Kg7 22.Kg2 Bb7 23.Qf3 Bc8
24.Rh1 Bd7 25.Rxh8 Rxh8 26.Rh1 Rxh1 27.Kxh1 a5 28.Kh2 a4 29.g4 Nh4 30.Bh6+ Kg8
31.Qf4 axb3 32.axb3 Bc6 33.Nxc5 Bxc5 34.Qf6 Bf8 35.Bxf8 Kxf8 36.Bxc6 Qxc6
37.Qh8+ Ke7 38.Qxh4+ Ke8 39.Qh8+ Kd7 40.Qf6 Qe4 41.Qxf7+ Kd8 42.Qxe6 d3 43.Qd6+ Kc8
44.e6 Qe2 45.Qd4 d2 46.e7 Qxe7 47.Qxd2 Qh4+ 48.Kg2 Qxg4+ 49.Kf1 Qh3+ 50.Ke2 Qxb3
51.Qd3 Qb2+ 52.Kf3 Qf6+ 53.Kg3 Qg5+ 54.Kf3 Qh4 55.Ke2 Qg4+ 56.f3 Qg2+ 57.Ke3 Qg5+
58.Kd4 Qf6+ 59.Kc5 Kc7 60.Kb4 Qb2+ 61.Qb3 Qd4 62.Qc3 Qb6+ 63.Ka4 Qc6+ 64.Ka3 Qc5+
65.Kb3 Qb6+ 66.Ka2 Qf2+ 67.Kb1 Qf1+ 68.Kb2 Qf2+ 69.Qc2 Qxf3 70.Qxg6 Qf2+
71.Kb3 Qb6+ 72.Qxb6+ Kxb6 73.Kb4 Kc6 74.c5 Kc7 75.Kb5 Kb7 76.c6+ Kc7 77.Kc5 Kc8
78.Kb6 Kb8 79.c7+ Kc8 80.Kc6  1/2-1/2

[Event "Open"]
[Site "Dubai UAE"]
[Date "2001.04.22"]
[Round "7"]
[White "Ramesh,R"]
[Black "Sadatnajafi,M"]
[Result "0-1"]
[WhiteElo "2458"]
[BlackElo "2155"]

1.e4 c5 2.Nf3 e6 3.d4 cxd4 4.Nxd4 Nc6 5.Nc3 Qc7 6.Be2 a6 7.O-O Nf6 8.Kh1 Nxd4
9.Qxd4 Bc5 10.Qd3 b5 11.f4 Bb7 12.Bf3 O-O 13.e5 Ne8 14.Bxb7 Qxb7 15.a4 b4
16.Ne4 Be7 17.f5 f6 18.fxe6 dxe6 19.exf6 Nxf6 20.Ng5 Qd5 21.Bd2 Qxd3 22.cxd3 Rfd8
23.Rf3 e5 24.Re1 Bd6 25.Ne4 Nxe4 26.Rxe4 Rac8 27.h3 a5 28.Bg5 Rd7 29.Rf2 Rf7
30.Rxf7 Kxf7 31.Rc4 Rxc4 32.dxc4 b3 33.Bd2 Bc5 34.g4 Bd4 35.Bc1 Ke6 36.Kg2 Kd6
37.Kf3 Kc5  0-1

[Event "Tch-NED"]
[Site "NED"]
[Date "2001.04.22"]
[Round "9"]
[White "Van den Doel,E"]
[Black "Van der Werf,M"]
[Result "1/2-1/2"]
[WhiteElo "2564"]
[BlackElo "2445"]

1.e4 c5 2.Nf3 e6 3.d4 cxd4 4.Nxd4 Nc6 5.Nc3 Qc7 6.Be2 a6 7.O-O Nf6 8.Kh1 Bb4
9.Bg5 Qd6 10.Nxc6 Qxd1 11.Nxd1 bxc6 12.e5 Nd5 13.c4 Ne7 14.a3 Ba5 15.Be3 f6
16.exf6 gxf6 17.Nc3 Bc7 18.Bh5+ Ng6 19.Rad1 Kf7 20.f4 f5 21.g4 d6 22.c5 d5
23.Bd4 Re8 24.gxf5 exf5 25.Rd3 Bd8 26.Rg1 Bf6 27.Bxf6 Kxf6 28.Rdg3 Rg8 29.Ne2 Be6
30.Bxg6 hxg6 31.Nd4 Bd7 32.h4 Be8 33.Re1 Bd7 34.Reg1 Be8 35.Kg2 Rh8 36.Kh3 Kg7
37.Ne6+ Kh7 38.Re3 d4 39.Rd3 Bf7 40.Nxd4 Bd5 41.Kg3 a5 42.Nf3 Kg7 43.b4 axb4
44.axb4 Ra7 45.Ne5 Ra2 46.Re3 Rh5 47.Nxg6 Kf6  1/2-1/2

[Event "2nd ch-EUR Women"]
[Site "Warsaw POL"]
[Date "2001.04.22"]
[Round "1"]
[White "Arakhamia,K"]
[Black "Velcheva,M"]
[Result "1/2-1/2"]
[WhiteElo "2427"]
[BlackElo "2244"]

1.e4 c5 2.Nf3 e6 3.d4 cxd4 4.Nxd4 Nc6 5.Nc3 Qc7 6.f4 Nxd4 7.Qxd4 a6 8.Be3 b5
9.a3 Bb7 10.Be2 Rc8 11.Bf3 h5 12.O-O Nf6 13.h3 h4 14.Rad1 Nh5 15.Rf2 Bc5
16.Qxc5 Qxc5 17.Bxc5 Rxc5 18.Rfd2 Bc6 19.Ne2 Nf6 20.c3 O-O 21.e5 Bxf3 22.exf6 Bd5
23.fxg7 Kxg7 24.f5 Kf6 25.Rf1 Ke7 26.Rf2 Rg8  1/2-1/2

[Event "2nd ch-EUR Women"]
[Site "Warsaw POL"]
[Date "2001.04.22"]
[Round "1"]
[White "Gaponenko,I"]
[Black "Blimke,D"]
[Result "1-0"]
[WhiteElo "2373"]
[BlackElo "2209"]

1.e4 c5 2.Nf3 e6 3.d4 cxd4 4.Nxd4 Nc6 5.Nc3 Qc7 6.g3 a6 7.Bg2 d6 8.O-O Bd7
9.Re1 Be7 10.Nde2 Nf6 11.h3 O-O 12.g4 b5 13.a3 Rac8 14.Ng3 Ne5 15.f4 Nc4
16.Kh2 Ne8 17.Nce2 Bf6 18.c3 g6 19.Nd4 e5 20.Nf3 exf4 21.Ne2 g5 22.Ned4 Ng7
23.b3 Ne5 24.Bb2 Rfe8 25.Rc1 Qb6 26.Qd2 Red8 27.Qe2 Rc7 28.Rcd1 Bc8 29.Rd2 Re7
30.Qd1 Bb7 31.Nf5 Nxf5 32.gxf5 Red7 33.Nxe5 Bxe5 34.c4 Bxb2 35.Rxb2 f6 36.Rd2 Bc6
37.h4 Qc5 38.hxg5 fxg5 39.cxb5 axb5 40.Rc2 Qb6 41.f6 h5 42.Rc3 Kh7 43.Qd2 Bb7
44.Rd3 Qc5 45.e5 Bxg2 46.Qxg2 g4  1-0

[Event "TSIM"]
[Site "Belgrade YUG"]
[Date "2001.04.23"]
[Round "3"]
[White "Andrijevic,M"]
[Black "Zmijanac,D"]
[Result "1/2-1/2"]
[WhiteElo "2365"]
[BlackElo "2309"]

1.e4 c5 2.Nf3 e6 3.d4 cxd4 4.Nxd4 Nc6 5.Nc3 Qc7 6.Be2 a6 7.O-O Nf6 8.Kh1 Be7
9.f4 d6 10.Be3 O-O 11.Qe1 Bd7 12.Qg3 b5 13.e5 Ne8 14.Nf3 f5 15.Bd3 Rc8 16.a4 b4
17.Ne2 Qb7 18.Ned4 Nc7 19.exd6 Bxd6 20.Nxc6 Bxc6 21.Bd4 Rf7 22.Be5 Bxf3 23.Qxf3 Qxf3  1/2-1/2

[Event "Open"]
[Site "Dubai UAE"]
[Date "2001.04.23"]
[Round "8"]
[White "Ermenkov,E"]
[Black "Kobalija,M"]
[Result "1-0"]
[WhiteElo "2478"]
[BlackElo "2590"]

1.e4 c5 2.Nf3 e6 3.d4 cxd4 4.Nxd4 Nc6 5.Nc3 Qc7 6.f4 a6 7.Nxc6 Qxc6 8.Bd3 b5
9.Qe2 Bb7 10.Bd2 Qc7 11.a3 Nf6 12.O-O Be7 13.Kh1 d6 14.a4 b4 15.Na2 a5 16.c3 bxc3
17.Nxc3 O-O 18.Nb5 Qd7 19.Rad1 Bc6 20.Bc3 Bxb5 21.Bxb5 Qc7 22.Rfe1 Rfd8 23.f5 e5
24.Bc4 Rac8 25.b3 Qb6 26.Rd3 Qc7 27.Rh3 Bf8 28.Bd2 d5 29.exd5 Bd6 30.Bg5 Qe7
31.Rf1 Rc7 32.Qe1 Rcc8 33.Qh4 Kf8 34.Re1 h6 35.Bxf6 Qxf6 36.Qxf6 gxf6 37.Rxh6 Ke7
38.g4 Rb8 39.Kg2 Rb4 40.Re4 Rdb8 41.Kf3 Rxb3+ 42.Bxb3 Rxb3+ 43.Ke2 Rc3 44.h4 Bc5
45.g5 Kd6 46.Rxf6+ Kxd5 47.Rg4 e4 48.g6 e3 49.gxf7 Rc2+ 50.Kd3 Rd2+ 51.Kc3 Rd1
52.Re6 Ra1 53.Re8 Rf1 54.Rxe3  1-0

[Event "Zone 3.2b (Oceana)"]
[Site "Gold Coast AUS"]
[Date "2001.04.23"]
[Round "3"]
[White "Gluzman,M"]
[Black "Sandler,L"]
[Result "0-1"]
[WhiteElo "2400"]
[BlackElo "2400"]

1.e4 c5 2.Nf3 e6 3.d4 cxd4 4.Nxd4 Nc6 5.Nc3 Qc7 6.Be2 Nf6 7.O-O a6 8.Be3 Be7
9.f4 d6 10.a4 O-O 11.Bf3 Rd8 12.Nb3 b6 13.Qe2 Bb7 14.g4 Nd7 15.g5 Bf8 16.Bg2 Na5
17.Rf3 Nc4 18.Bc1 g6 19.Rh3 Bg7 20.Qf2 f5 21.Nd4 Nf8 22.b3 Na5 23.Ba3 Nc6
24.Nde2 fxe4 25.Bxe4 Ne7 26.Rd1 Nf5 27.Rd2 Rac8 28.Rhd3 Bxe4 29.Nxe4 d5 30.N4g3 b5
31.Nxf5 gxf5 32.axb5 axb5 33.Nd4 Qb6 34.Bb4 Nd7 35.Rh3 Bxd4 36.Rxd4 Rxc2
37.Qe3 Rdc8 38.Bd2 Ra8 39.g6 hxg6 40.Bc3 Raa2 41.Kh1 Nf8 42.Rh8+ Kf7 43.Qe1 Qc6
44.Rh3 b4 45.Bd2 Qa6 46.Kg2 Ra1 47.Qf2 Qa2 48.Rhd3 Rd1 49.Kh3 Nd7 50.Qe2 Rb1
51.Rxb4 Qa8 52.Rdd4 Rg1 53.Qf2 Rg4  0-1

[Event "4th Open"]
[Site "Tanta City EGY"]
[Date "2001.04.23"]
[Round "5"]
[White "Stefansson,H"]
[Black "Fominyh,A"]
[Result "1/2-1/2"]
[WhiteElo "2570"]
[BlackElo "2571"]

1.e4 c5 2.Nf3 Nc6 3.d4 cxd4 4.Nxd4 e6 5.Nc3 Qc7 6.Be2 a6 7.O-O Bc5 8.Nb3 Be7
9.f4 b5 10.Be3 d6 11.Bf3 Rb8 12.Qe1 Nf6 13.Qg3 b4 14.Na4 O-O 15.c4 bxc3 16.Nxc3 Na5
17.e5 dxe5 18.fxe5 Nxb3 19.exf6 Qxg3 20.hxg3 Bc5 21.Bxc5 Nxc5 22.fxg7 Kxg7
23.b3 Bd7  1/2-1/2

[Event "2nd ch-EUR Women"]
[Site "Warsaw POL"]
[Date "2001.04.24"]
[Round "3"]
[White "Chmielinska,A"]
[Black "Tereladze,S"]
[Result "0-1"]
[WhiteElo "2047"]
[BlackElo "2267"]

1.e4 c5 2.Nf3 e6 3.d4 cxd4 4.Nxd4 Nc6 5.Nc3 Qc7 6.Be2 a6 7.O-O Nf6 8.Kh1 Bb4
9.Nxc6 bxc6 10.Qd3 d5 11.exd5 cxd5 12.f4 Bd7 13.Qg3 O-O 14.Bd3 Rfc8 15.Ne2 Bb5
16.c3 Bxd3 17.Qxd3 Bc5 18.Be3 Ne4 19.Bd4 Bxd4 20.Nxd4 Qc4 21.Qxc4 Rxc4 22.Rae1 g6
23.Re2 a5 24.Nf3 a4 25.a3 Nd6 26.Ne5 Rc7 27.Nd3 Nc4 28.Kg1 Rd8 29.Rd1 Kg7
30.Ne5 Nd6 31.Rd4 Ra8 32.Rb4 Kf6 33.g3 Ke7 34.Rd2 f6 35.Nf3 Ne4 36.Rdd4 Nc5
37.Kf1 Raa7 38.Ne1 Nb3 39.Rd1 Rcb7 40.Nc2 Kf7 41.Ke2 Na5 42.Rxa4 Rxb2 43.Kd3 Nc6
44.Rxa7+ Nxa7 45.Ra1 Nc6 46.a4 Na5 47.Ne3 Nb3 48.Rd1 Nc5+ 49.Kd4 Nxa4 50.h4 Ke7
51.c4 Kd6 52.Ng4 Rb4 53.Nxf6 Rxc4+ 54.Ke3 h5 55.Rd2 Nc5 56.Nh7 Rc3+ 57.Ke2 Rxg3
58.Ng5 Rg2+ 59.Ke3 Rxd2 60.Kxd2 Ne4+  0-1

[Event "Open"]
[Site "Dubai UAE"]
[Date "2001.04.25"]
[Round "9"]
[White "Sharma,D"]
[Black "Sadatnajafi,M"]
[Result "1/2-1/2"]
[WhiteElo "2385"]
[BlackElo "2155"]

1.e4 c5 2.Nf3 e6 3.d4 cxd4 4.Nxd4 Nc6 5.Nc3 Qc7 6.Be2 a6 7.O-O Nf6 8.Kh1 Nxd4
9.Qxd4 Bc5 10.Qd3 b5 11.f4 Bb7 12.Bf3 O-O 13.e5 Ne8 14.Bxb7 Qxb7 15.Ne4 Be7
16.f5 f6 17.fxe6 dxe6 18.exf6 Nxf6 19.Nxf6+ Bxf6 20.c3 Rad8 21.Qe2 Rfe8 22.a4 Qd5
23.axb5 axb5 24.Ra5 Rb8 25.Rd1 Qc6 26.Be3 Rec8 27.h3 b4 28.Bf4 Rb7  1/2-1/2

[Event "Zone 3.2a"]
[Site "Manila PHI"]
[Date "2001.04.25"]
[Round "2"]
[White "Nquyen Thanh Son"]
[Black "Hatanbaatar,B"]
[Result "1-0"]
[WhiteElo "2200"]
[BlackElo "2481"]

1.e4 c5 2.Nc3 Nc6 3.Nf3 e6 4.d4 cxd4 5.Nxd4 Qc7 6.Be3 a6 7.Be2 Nf6 8.O-O Bb4
9.Nxc6 bxc6 10.Qd4 Bd6 11.h3 Be5 12.Qd3 a5 13.Bd4 Ba6 14.Qe3 Bxe2 15.Nxe2 Rb8
16.b3 O-O 17.Rad1 Bxd4 18.Nxd4 a4 19.c4 d5 20.cxd5 cxd5 21.Rc1 Qb6 22.e5 Ne4
23.Rc6 Qa7 24.Rfc1 axb3 25.axb3 Rb4 26.Rd1 h6 27.f3 Ng5 28.Kh2 Qb7 29.Qc3 Qb8
30.Kh1 Rb7 31.Re1 Qd8 32.Rd6 Qc8 33.Rc6 Qa8 34.b4 Ra7 35.b5 Ra3 36.Qc5 Ra1
37.Rc1 Rxc1+ 38.Qxc1 Qa4 39.Qc3 Qa8 40.Rc7 Nh7 41.Kh2 Re8 42.b6 Nf8 43.Qc6 Qb8
44.b7 Re7 45.Rxe7 Qxe5+ 46.g3 Qxd4 47.Qc2 Qb6 48.h4 d4 49.Qc7 Qb5 50.Rxf7 Qe2+
51.Kh3 Qf1+ 52.Kg4 h5+ 53.Kxh5  1-0

[Event "2nd ch-EUR Women"]
[Site "Warsaw POL"]
[Date "2001.04.27"]
[Round "6"]
[White "Bojkovic,N"]
[Black "Arakhamia,K"]
[Result "1/2-1/2"]
[WhiteElo "2447"]
[BlackElo "2427"]

1.e4 c5 2.Nc3 Nc6 3.Nf3 e6 4.d4 cxd4 5.Nxd4 d6 6.Be3 Nf6 7.f4 a6 8.Be2 Qc7
9.O-O Be7 10.Kh1 O-O 11.Qe1 Bd7 12.Qg3  1/2-1/2

[Event "2nd ch-EUR Women"]
[Site "Warsaw POL"]
[Date "2001.04.27"]
[Round "6"]
[White "Aginian,N"]
[Black "Berend,E"]
[Result "1/2-1/2"]
[WhiteElo "2192"]
[BlackElo "2312"]

1.e4 c5 2.Nf3 e6 3.d4 cxd4 4.Nxd4 Nc6 5.Nc3 a6 6.Nxc6 bxc6 7.Bd3 d5 8.O-O Nf6
9.Qe2 Be7 10.b3 O-O 11.Bb2 Bb7 12.Rad1 Qc7 13.Na4 c5 14.e5 Nd7 15.f4 Rfe8
16.f5 exf5 17.Bxf5 Nf8 18.Qf2 Kh8 19.Rd3 d4 20.Rh3 Bg5 21.Qg3 Be3+ 22.Kh1 Qxe5
23.Qxe5 Rxe5 24.Nb6 Rae8 25.Nc4 R5e7 26.Nd6 Rd8 27.Nxb7 Rxb7 28.Be4 Re7 29.Bd3 a5
30.Ba3 Rc8 31.Rh5 Rec7 32.Ba6 Ra8 33.Bd3 g5 34.h4 a4 35.Bc1 Bxc1 36.Rxc1 gxh4
37.Rxh4 Kg7 38.Rf1 Ng6 39.Rh5 axb3 40.axb3 h6 41.Rff5 Rac8 42.Ba6 Ra8 43.Bd3  1/2-1/2

[Event "Bundesliga 2000-1"]
[Site "Baiertal GER"]
[Date "2001.04.28"]
[Round "14"]
[White "Ahn,M"]
[Black "Bewersdorff,O"]
[Result "1-0"]
[WhiteElo "2347"]
[BlackElo "2364"]

1.e4 c5 2.Nf3 Nc6 3.Nc3 e6 4.d4 cxd4 5.Nxd4 Nf6 6.Ndb5 d6 7.Bf4 e5 8.Bg5 a6
9.Na3 b5 10.Nd5 Be7 11.Bxf6 Bxf6 12.c3 Rb8 13.Nc2 Bg5 14.a4 bxa4 15.Ncb4 Bd7
16.Bxa6 Nxb4 17.cxb4 O-O 18.O-O Bc6 19.Rxa4 Bxa4 20.Qxa4 Kh8 21.Qc6 Bd2 22.b5 Ba5
23.Bb7 Qe8 24.Ra1 Bd8 25.Qxe8 Rxe8 26.Bc6 Rf8 27.Ra6 g6 28.b6 f5 29.exf5 e4
30.b7 Bf6 31.Ra4 gxf5 32.Nb6 Rfd8 33.Ra8 Kg7 34.Rxb8 Rxb8 35.Nd7 e3 36.fxe3  1-0

[Event "zt3.3"]
[Site "HeiBei CHN"]
[Date "2001.04.28"]
[Round "12"]
[White "Zhao Jun"]
[Black "Liang Jinrong"]
[Result "0-1"]
[WhiteElo "2347"]
[BlackElo "2490"]

1.e4 c5 2.Nf3 e6 3.d4 cxd4 4.Nxd4 Nc6 5.Nc3 Qc7 6.g3 a6 7.Bg2 Nf6 8.O-O Nxd4
9.Qxd4 Bc5 10.Bf4 d6 11.Qd3 Nd7 12.a4 Ne5 13.Qe2 Bd7 14.Rad1 O-O 15.Bc1 Bb4
16.Na2 Bc5 17.Nc3 Bb6 18.Kh1 Ba5 19.Na2 Bxa4 20.b3 Bc6 21.f4 Ng6 22.Ba3 Rfd8
23.c4 b5 24.Rc1 Qb7 25.Rfd1 b4 26.Bb2 Bc7 27.h4 a5 28.h5 Nf8 29.Rf1 f5 30.Rce1 Bxe4
31.Bxe4 Qxe4+ 32.Qxe4 fxe4 33.Rxe4 Re8 34.Nc1 Rad8 35.Re2 Nd7 36.Nd3 Kf7
37.Kg2 Bb6 38.g4 Nc5 39.Nxc5 Bxc5 40.Ra1 Bb6 41.Kf3 d5 42.cxd5 Rxd5 43.Ke4 Red8
44.Rc1 R8d7 45.Rc6 Bd4 46.Bxd4 Rxd4+ 47.Kf3 R4d6 48.Rxd6 Rxd6 49.Ke4 Rc6
50.Ra2 Rc5 51.Kd4 Rd5+ 52.Ke4 Ke7 53.Rc2 Kd7 54.Rc1 h6 55.Rc2 Rd1 56.Ra2 Rd5
57.Rc2 Rb5 58.Kd4 Kd6 59.Rc8 e5+ 60.fxe5+ Rxe5 61.Kd3 Rc5 62.Rg8 Rg5 63.Ra8 Kc6
64.Ra6+ Kb5  0-1

[Event "Bundesliga 2000-1"]
[Site "Luebeck GER"]
[Date "2001.04.28"]
[Round "14"]
[White "Reeh,O"]
[Black "Heissler,J"]
[Result "1-0"]
[WhiteElo "2414"]
[BlackElo "2447"]

1.e4 c5 2.Nf3 e6 3.d4 cxd4 4.Nxd4 Nc6 5.Nc3 Qc7 6.f4 a6 7.Nf3 b5 8.Bd3 Bb7
9.O-O Nb4 10.Kh1 Nf6 11.a3 Nxd3 12.cxd3 d6 13.Qe1 Be7 14.b4 O-O 15.Bb2 Qb6
16.Nd1 Nh5 17.Nd4 Rad8 18.Qe2 Bf6 19.Nb3 Bxb2 20.Nxb2 g6 21.Nd1 Qc7 22.g4 Nf6
23.Rc1 Qe7 24.Kg1 Rc8 25.Ne3 h6 26.Qf2 Rxc1 27.Rxc1 Rc8 28.Rxc8+ Bxc8 29.e5 Nd5
30.Nxd5 exd5 31.exd6 Qxd6 32.h3 Qf6 33.Nd4 Bd7 34.Qe3 Qh4 35.Kg2 Qf6 36.Qe5 Qb6
37.Nb3 Qc6 38.Nc5 d4+ 39.Kf2 Bc8 40.Qxd4 h5 41.gxh5 Bxh3 42.Qd8+ Kg7 43.Qd4+ Kg8
44.Qe4 Qf6 45.hxg6 fxg6 46.Kg3 Bf5 47.Qd5+ Kh7 48.d4 g5 49.Qe5 Qf7 50.fxg5 Bg6
51.Ne6 Bf5 52.d5 Kg6 53.Nd4 Bd7 54.Nf3  1-0